Mystery Taylor Swift Song #53 - Statistics

General Stats
  • This quiz has been taken 552 times
  • The average score is 73 of 117
Answer Stats
Song % Correct
I
97%
a
96%
you
94%
The
91%
1989
90%
and
88%
It
87%
do
86%
me
86%
When
84%
in
83%
that
83%
You're
83%
of
82%
to
82%
So
81%
I'm
80%
no
80%
am
79%
was
79%
don't
78%
my
77%
Clean
75%
wear
75%
all
73%
could
73%
think
73%
because
71%
Like
71%
(Oh)
71%
(Oh
71%
oh)
71%
(Oh-oh
71%
oh-oh)
71%
oh-oh
71%
But
70%
Just
70%
by
69%
finally
69%
can't
68%
down
68%
that's
68%
any
67%
never
67%
Now
67%
one
65%
very
65%
came
64%
mean
64%
months
64%
Rain
64%
There
64%
worst
64%
Gone
62%
miss
62%
oh
62%
over
62%
pouring
62%
trace
62%
back
61%
as
60%
breathe
60%
drowning
60%
gonna
59%
morning
59%
Ten
59%
forth
58%
won't
58%
died
57%
flowers
57%
must
57%
nothing
57%
sober
57%
admit
56%
dress
56%
drought
56%
left
56%
thing
56%
together
56%
we'd
56%
anymore
55%
give
55%
thirst
55%
older
54%
grown
53%
risk
53%
still
53%
storm
51%
perfect
50%
room
50%
turned
50%
head
49%
heard
49%
black
48%
whole
48%
wine-stained
48%
covered
47%
hole
47%
pictures
47%
sky
47%
away
46%
loud
46%
punched
46%
roof
46%
screamed
46%
water
45%
dust
44%
lost
44%
Said
44%
filled
43%
lungs
43%
war
42%
Let
41%
Hung
40%
butterflies
39%
carry
39%
flood
38%
No matching quizzes found
Score Distribution
Percent of People with Each Score
Percentile by Number Answered
Your Score History
You have not taken this quiz